[Event "3rd KL Open"]
[Site "Kuala Lumpur MAS"]
[Date "2010.04.11"]
[Round "7"]
[White "Hou Yifan"]
[Black "Dimakiling,O"]
[Result "1-0"]
[WhiteElo "2570"]
[BlackElo "2441"]
[EventDate "2010.04.07"]

1. e4 Nf6 2. e5 Nd5 3. d4 d6 4. Nf3 dxe5 5. Nxe5 c6 6. Be2 Nd7 7. Nf3 g6 8.
O-O Bg7 9. c4 Nc7 10. Nc3 O-O 11. h3 a6 12. Bf4 Ne6 13. Be3 b5 14. Rc1 Bb7
15. a4 b4 16. Ne4 h6 17. Qb3 Kh7 18. d5 cxd5 19. cxd5 Nc7 20. Rfd1 a5 21.
Bc4 Rc8 22. Nd4 Qe8 23. Nc6 f5 24. Nc5 Nxc5 25. Bxc5 Nxd5 26. Nxa5 Rxc5 27.
Nxb7 Rxc4 28. Qxc4 e6 29. Nc5 Bxb2 30. Rc2 Bg7 31. Re1 Qa8 32. Nxe6 Re8 33.
Rd2 Nf6 34. Qc7 Nh5 35. Rd7 Rxe6 36. Rxe6 Qxa4 37. Re1 b3 38. Qb7 b2 39.
Rb1 Kh8 40. Rd8+ Kh7 41. Rxb2 1-0

[Event "3rd KL Open"]
[Site "Kuala Lumpur MAS"]
[Date "2010.04.11"]
[Round "7"]
[White "Nguyen Anh Dung"]
[Black "Dzhumaev,M"]
[Result "1/2-1/2"]
[WhiteElo "2464"]
[BlackElo "2525"]
[EventDate "2010.04.07"]

1. e4 d6 2. d4 Nf6 3. Nc3 g6 4. Be3 Nbd7 5. Qd2 a6 6. f3 b5 7. Nge2 e5 8.
O-O-O Bb7 9. g4 exd4 10. Nxd4 c5 11. g5 b4 12. Na4 Nh5 13. Ne2 Bc6 14. b3
Qa5 15. Nf4 Nxf4 16. Bxf4 Bxa4 17. bxa4 Nb6 18. Bxd6 Rd8 19. Qf4 Bxd6 20.
Rxd6 O-O 21. Rxd8 Rxd8 22. Be2 b3 23. axb3 Qc3 24. Kb1 Rd2 25. Rc1 Nxa4 26.
Qb8+ Kg7 27. bxa4 Rxe2 28. Qb2 Qxb2+ 29. Kxb2 Rxh2 30. Ka3 Rg2 31. f4 Rf2
1/2-1/2

[Event "3rd KL Open"]
[Site "Kuala Lumpur MAS"]
[Date "2010.04.11"]
[Round "7"]
[White "Swapnil,SD"]
[Black "Mchedlishvili,M"]
[Result "1/2-1/2"]
[WhiteElo "2442"]
[BlackElo "2634"]
[EventDate "2010.04.07"]

1. d4 d6 2. Nf3 g6 3. c4 Bg7 4. Nc3 Bg4 5. e3 Nf6 6. Be2 O-O 7. h3 Bf5 8.
O-O Re8 9. b3 Na6 10. Bb2 c6 11. Re1 Qb8 12. Bf1 e5 13. e4 Bd7 14. a3 exd4
15. Nxd4 Nc5 16. Qc2 Qc7 17. Rad1 Rad8 18. b4 Ne6 19. Nxe6 Bxe6 20. Ne2 Bc8
21. Nd4 Nd7 22. Nf3 Ne5 23. Bxe5 Bxe5 24. c5 dxc5 25. Rxd8 Qxd8 26. Qxc5
Qb6 27. Qc2 Bg7 28. Bc4 Re7 29. e5 Qc7 30. Qd2 Be6 31. Bxe6 Rxe6 32. Qd4 a6
33. h4 h6 34. Re3 Re8 35. h5 g5 36. Qg4 Qc8 37. Qxc8 Rxc8 38. Nh2 Rd8 39.
Ng4 Rd4 40. f3 Kf8 41. Kf2 Ke7 42. Ke2 Ke6 43. Rd3 Rd5 44. Rxd5 Kxd5 45.
Kd3 1/2-1/2

[Event "3rd KL Open"]
[Site "Kuala Lumpur MAS"]
[Date "2010.04.11"]
[Round "7"]
[White "Irwanto,S"]
[Black "Rahman,Zia"]
[Result "1-0"]
[WhiteElo "2414"]
[BlackElo "2558"]
[EventDate "2010.04.07"]

1. d4 e6 2. c4 b6 3. a3 f5 4. Nc3 Nf6 5. Nf3 Bb7 6. e3 Be7 7. Be2 O-O 8.
O-O Qe8 9. Nd2 Qg6 10. Bf3 Nc6 11. b4 Rab8 12. Bb2 Qh6 13. g3 a5 14. b5 Nd8
15. d5 Nf7 16. Bg2 Ng5 17. h4 Nf7 18. Nf3 Ng4 19. e4 Nd6 20. Qd3 Qg6 21. e5
Ne4 22. Ne2 Bc5 23. Bd4 Qh6 24. Nh2 Nxh2 25. Kxh2 Bxd4 26. Nxd4 Nc5 27. Qe2
f4 28. Rad1 Rbe8 29. Rfe1 Kh8 30. Nf3 fxg3+ 31. fxg3 Qg6 32. Ng5 Rf5 33.
Bh3 Rff8 34. Bg2 Rf5 35. Rf1 Rxf1 36. Rxf1 h6 37. Nh3 exd5 38. Nf4 Qf5 39.
cxd5 Kg8 40. e6 dxe6 41. Nxe6 Qg6 42. h5 Qd3 43. Qf2 Kh8 44. Qf7 Rxe6 45.
dxe6 Bxg2 46. e7 1-0

[Event "3rd KL Open"]
[Site "Kuala Lumpur MAS"]
[Date "2010.04.11"]
[Round "7"]
[White "Cao,S"]
[Black "Muminova,N"]
[Result "1-0"]
[WhiteElo "2557"]
[BlackElo "2338"]
[EventDate "2010.04.07"]

1. e4 e6 2. d4 d5 3. Nc3 Nf6 4. Bg5 Bb4 5. exd5 Qxd5 6. Bxf6 Bxc3+ 7. bxc3
gxf6 8. Qd2 Rg8 9. Ne2 Qg5 10. Nf4 c6 11. h4 Qh6 12. g3 Nd7 13. Bd3 Nb6 14.
a4 Bd7 15. a5 Nc8 16. Ng2 Qxd2+ 17. Kxd2 h6 18. Rhb1 Nd6 19. c4 Rd8 20. a6
b6 21. c5 bxc5 22. dxc5 Nb5 23. c4 Nd4 24. Kc3 e5 25. Ne3 Bc8 26. Rb8 Ne6
27. Bf5 Ke7 28. Ra8 Rd7 29. Bh7 Rgd8 30. Nf5+ Kf8 31. Nd6 Rc7 32. Bf5 Ke7
33. g4 Bd7 34. Rxd8 Kxd8 1-0

[Event "3rd KL Open"]
[Site "Kuala Lumpur MAS"]
[Date "2010.04.11"]
[Round "7"]
[White "Ankit,R"]
[Black "Duong The Anh"]
[Result "1/2-1/2"]
[WhiteElo "2334"]
[BlackElo "2425"]
[EventDate "2010.04.07"]

1. e4 b6 2. d4 Bb7 3. Bd3 e6 4. c3 Nf6 5. Nd2 c5 6. Ne2 d5 7. e5 Nfd7 8.
O-O Nc6 9. f4 g6 10. Nf3 h5 11. g3 Be7 12. h3 Qc7 13. Be3 O-O-O 14. Rc1 Kb8
15. Kg2 Ka8 16. Rh1 Rdg8 17. Qd2 Qc8 18. Kf2 Re8 19. g4 hxg4 20. hxg4 cxd4
21. cxd4 Rxh1 22. Rxh1 Rh8 23. Rxh8 Qxh8 24. Kg2 Nb4 25. Bb5 Nb8 26. a3 Bc6
27. Bxc6+ N4xc6 28. Qc1 Qc8 29. Qc2 Qg8 30. Bd2 1/2-1/2

[Event "3rd KL Open"]
[Site "Kuala Lumpur MAS"]
[Date "2010.04.11"]
[Round "7"]
[White "Liu Dede"]
[Black "Yee Soon Wei"]
[Result "1-0"]
[WhiteElo "2423"]
[BlackElo "2209"]
[EventDate "2010.04.07"]

1. e4 e5 2. Nf3 Nc6 3. Bb5 a6 4. Ba4 Nf6 5. O-O Be7 6. Re1 b5 7. Bb3 O-O 8.
d4 d6 9. c3 Bg4 10. Be3 exd4 11. cxd4 Na5 12. Bc2 Nc4 13. Bc1 c5 14. Nbd2
Nxd2 15. Bxd2 cxd4 16. h3 Bxf3 17. Qxf3 Nd7 18. Rad1 Bf6 19. Bb1 Re8 20. b3
Nc5 21. Bc1 g6 22. Bb2 Ne6 23. g3 h5 24. h4 Rc8 25. Qg2 Qb6 26. Kh1 Kg7 27.
f4 b4 28. Qf2 Rc3 29. Rf1 Nd8 30. Rd3 Qc5 31. Rf3 Qc7 32. Bd3 Qb7 33. f5
Be5 34. Qd2 Qd7 35. Kh2 f6 36. Bc1 Rh8 37. Qf2 g5 38. hxg5 Rxc1 39. Rxc1 h4
40. Kg2 hxg3 41. Rxg3 fxg5 42. Rxg5+ Kf8 43. Rh1 Rxh1 44. Kxh1 Qh7+ 45. Kg1
Nf7 46. Rg2 Qh6 47. Rg6 Qc1+ 48. Kg2 Qc3 49. Bc4 d3 50. Bxf7 Qc2 51. Bd5
Bd4 52. Qxc2 dxc2 53. f6 1-0

[Event "3rd KL Open"]
[Site "Kuala Lumpur MAS"]
[Date "2010.04.11"]
[Round "7"]
[White "Praveen Kumar,C1"]
[Black "Vakhidov,J"]
[Result "0-1"]
[WhiteElo "2405"]
[BlackElo "2177"]
[EventDate "2010.04.07"]

1. d4 Nf6 2. Nf3 g6 3. Nc3 d5 4. Bf4 Bg7 5. Qd2 Bf5 6. Ne5 Nbd7 7. Nxd7
Qxd7 8. f3 h5 9. O-O-O O-O 10. e3 c5 11. dxc5 Rac8 12. Be5 Rxc5 13. h3 b5
14. Bd4 Rcc8 15. Bxb5 Qc7 16. g4 Bxc2 17. Qxc2 e5 18. Kb1 exd4 19. exd4 h4
20. Ba4 Rb8 21. Bb3 Qd6 22. Qh2 Qb4 23. g5 Nh5 24. Nxd5 Qb5 25. Rhe1 a5 26.
Qe2 Qd7 27. Nc3 Ng3 28. Qd2 Qxh3 29. Ne4 Qf5 30. Qe3 Rb4 31. Ka1 a4 32. Bc2
Nxe4 33. fxe4 Qb5 34. Qc3 Rb8 35. e5 Qb6 36. a3 Rc4 0-1

[Event "3rd KL Open"]
[Site "Kuala Lumpur MAS"]
[Date "2010.04.11"]
[Round "7"]
[White "Chan,Ni"]
[Black "Vinoth Kumar,M"]
[Result "0-1"]
[WhiteElo "2398"]
[BlackElo "2242"]
[EventDate "2010.04.07"]

1. e4 c5 2. d3 Nc6 3. g3 g6 4. Bg2 Bg7 5. Nh3 e6 6. f4 Nge7 7. Nf2 d6 8.
O-O O-O 9. c3 Rb8 10. h4 f5 11. h5 Qe8 12. Bf3 e5 13. Kg2 Be6 14. Rh1 d5
15. hxg6 hxg6 16. Nh3 dxe4 17. dxe4 Rd8 18. Qg1 fxe4 19. Bxe4 Bxh3+ 20.
Rxh3 exf4 21. Qxc5 fxg3 22. Qc4+ Qf7 23. Na3 Nd5 24. Bg5 Ne5 25. Qf1 Qe6
26. Qb5 Nf4+ 27. Bxf4 Rxf4 28. Rxg3 Rxe4 29. Qxb7 Nf7 30. Rf1 Re2+ 31. Kg1
Re1 0-1

[Event "3rd KL Open"]
[Site "Kuala Lumpur MAS"]
[Date "2010.04.11"]
[Round "7"]
[White "Deshmukh,A"]
[Black "Bui Vinh"]
[Result "0-1"]
[WhiteElo "2287"]
[BlackElo "2480"]
[EventDate "2010.04.07"]

1. c4 e5 2. Nc3 Bb4 3. Nf3 Bxc3 4. bxc3 Nc6 5. d3 d6 6. g3 Nge7 7. Bg2 O-O
8. O-O h6 9. Rb1 Rb8 10. Ne1 Be6 11. Nc2 Qd7 12. Re1 Bh3 13. Bh1 f5 14. e3
b6 15. Nb4 Nd8 16. Nd5 Ne6 17. f4 Kh8 18. Ba3 c5 19. Bc1 Rbd8 20. Rb2 Bg4
21. Qb3 Nc6 22. Qb5 Na5 23. Qa6 Rfe8 24. e4 exf4 25. gxf4 Qf7 26. Bg2 Rd7
27. Qb5 Nf8 28. Ne3 Qh5 29. Qa4 Rde7 30. Nd5 Rd7 31. Ne3 fxe4 32. dxe4 0-1

[Event "3rd KL Open"]
[Site "Kuala Lumpur MAS"]
[Date "2010.04.11"]
[Round "8"]
[White "Dzhumaev,M"]
[Black "Hou Yifan"]
[Result "0-1"]
[WhiteElo "2525"]
[BlackElo "2570"]
[EventDate "2010.04.07"]

1. e4 c5 2. Nf3 e6 3. d4 cxd4 4. Nxd4 Nf6 5. Bd3 Nc6 6. Nxc6 bxc6 7. O-O d5
8. Nd2 Qc7 9. f4 Ba6 10. e5 Nd7 11. Nf3 Be7 12. b3 Bxd3 13. cxd3 O-O 14.
Bb2 c5 15. Kh1 a5 16. Qe2 Qb6 17. Nd2 a4 18. f5 exf5 19. Rxf5 a3 20. Bc1
Qe6 21. Rh5 g6 22. Rh3 Qxe5 23. Qxe5 Nxe5 24. Nf1 Bf6 25. Rb1 Rfe8 26. Bd2
Ng4 27. Rf3 Bd4 28. h4 Re2 29. b4 Rb8 30. b5 Bb2 31. d4 c4 32. Bb4 Nf2+ 33.
Kh2 Bxd4 34. Rxa3 Be5+ 35. Kg1 Nd3 36. Bd2 Bd4+ 37. Kh2 Re4 38. Kg3 Bf2+
39. Kf3 Bxh4 40. g3 Be7 41. Ra7 Bc5 42. Ra6 Ne5+ 43. Kg2 Re2+ 44. Kh3 Nf3
45. Bb4 Ng1+ 46. Kh4 Re4+ 47. g4 Bf2+ 48. Ng3 h5 49. Rxg1 Rxg4+ 50. Kh3
Bxg1 51. a4 Re8 52. Bd6 c3 53. Rc6 Rc4 54. Rxc4 dxc4 55. a5 c2 56. Bf4 Be3
0-1

[Event "3rd KL Open"]
[Site "Kuala Lumpur MAS"]
[Date "2010.04.11"]
[Round "8"]
[White "Iuldachev,S"]
[Black "Irwanto,S"]
[Result "1/2-1/2"]
[WhiteElo "2511"]
[BlackElo "2414"]
[EventDate "2010.04.07"]

1. e4 e5 2. Nf3 Nc6 3. Nc3 Nf6 4. Bb5 Bb4 5. O-O O-O 6. d3 Bxc3 7. bxc3 d6
8. Bg5 Qe7 9. Re1 Nd8 10. d4 Ne6 11. Bd2 Rd8 12. Nh4 Nf8 13. Qf3 c6 14. Bd3
h6 15. Nf5 Bxf5 16. exf5 Re8 17. Qg3 Kh8 18. f3 N8h7 19. c4 Qd7 20. dxe5
dxe5 21. Bc3 Nh5 22. Qh4 Nf4 23. Be4 Qd6 24. Qf2 Qd7 25. Qh4 Qd6 26. Qf2
1/2-1/2

[Event "3rd KL Open"]
[Site "Kuala Lumpur MAS"]
[Date "2010.04.11"]
[Round "8"]
[White "Murshed,N"]
[Black "Luther,T"]
[Result "1/2-1/2"]
[WhiteElo "2413"]
[BlackElo "2559"]
[EventDate "2010.04.07"]

1. d4 d5 2. c4 e6 3. Nc3 Bb4 4. Nf3 Nf6 5. e3 O-O 6. Be2 c5 7. cxd5 exd5 8.
dxc5 Bxc5 9. O-O Nc6 10. b3 a6 11. Bb2 Bg4 12. Rc1 Ba7 13. Na4 Ne4 14. Nc3
Nf6 15. Na4 Ne4 16. Nc3 1/2-1/2

[Event "3rd KL Open"]
[Site "Kuala Lumpur MAS"]
[Date "2010.04.11"]
[Round "8"]
[White "Chan,Ni"]
[Black "Mchedlishvili,M"]
[Result "0-1"]
[WhiteElo "2398"]
[BlackElo "2634"]
[EventDate "2010.04.07"]

1. d4 d6 2. c4 g6 3. e4 Bg7 4. Nc3 Nf6 5. Be2 O-O 6. Nf3 Nbd7 7. O-O e5 8.
Be3 c6 9. d5 c5 10. Ne1 Ne8 11. Nd3 f5 12. exf5 gxf5 13. f4 e4 14. Nf2 Bxc3
15. bxc3 Ng7 16. Rb1 Kh8 17. g3 Nf6 18. Kg2 Qa5 19. Qd2 Qa4 20. Rfe1 Rg8
21. Rb2 Rb8 22. Qd1 Qa5 23. Qc1 Bd7 24. Rb3 Qc7 25. Qa3 b6 26. Qa6 Be8 27.
a4 Bh5 28. Kf1 Qf7 29. a5 Bf3 30. axb6 axb6 31. Rxb6 Ra8 32. Qb7 Qh5 33. h3
Bxe2+ 34. Rxe2 Qf3 35. Ke1 Ngh5 36. Kd2 Nxg3 37. Re1 Ngh5 38. Rb2 Nxf4 39.
Qe7 Ne8 40. Rb7 Ng7 41. Qxd6 Ra2+ 42. Kc1 Ne2+ 43. Kb1 Qxe3 44. Kxa2 Ra8+
0-1

[Event "3rd KL Open"]
[Site "Kuala Lumpur MAS"]
[Date "2010.04.11"]
[Round "8"]
[White "Liu Dede"]
[Black "Cao,S"]
[Result "1/2-1/2"]
[WhiteElo "2423"]
[BlackElo "2557"]
[EventDate "2010.04.07"]

1. e4 e6 2. d4 d5 3. Nd2 h6 4. Bd3 Nf6 5. e5 Nfd7 6. Ne2 c5 7. c3 Nc6 8.
O-O Qb6 9. Nf3 a5 10. Rb1 Qc7 11. Bf4 c4 12. Bc2 b5 13. b3 Nb6 14. bxc4
bxc4 15. a4 Bd7 16. Bd2 Be7 17. h3 Na7 18. Nh2 Qc6 19. Ra1 Nac8 20. Ng4 Kd8
21. Ng3 h5 22. Nh2 g6 23. Qf3 Be8 24. Rfb1 Kc7 25. Qd1 Qd7 26. f4 Qd8 27.
Nf3 Bc6 28. Nf1 Qe8 29. Ne3 Ra7 30. Ra2 Rb7 1/2-1/2

[Event "3rd KL Open"]
[Site "Kuala Lumpur MAS"]
[Date "2010.04.11"]
[Round "8"]
[White "Vakhidov,J"]
[Black "Swapnil,SD"]
[Result "1/2-1/2"]
[WhiteElo "2177"]
[BlackElo "2442"]
[EventDate "2010.04.07"]

1. d4 Nf6 2. c4 g6 3. Nc3 Bg7 4. e4 d6 5. f3 O-O 6. Be3 c6 7. Qd2 e5 8.
Nge2 Nbd7 9. O-O-O a6 10. Kb1 Re8 11. Nc1 b5 12. Nb3 bxc4 13. Bxc4 a5 14.
d5 c5 15. Bb5 Ba6 16. Bxa6 Rxa6 17. Qe2 Ra8 18. Nd2 a4 19. Nc4 Nb6 20. Na3
Re7 21. g4 Nfd7 22. Rc1 Nf8 23. h4 h6 24. Qd2 Kh7 25. h5 g5 26. Ne2 Rb7 27.
Ng3 Nfd7 28. Nf5 Nb8 29. Qd3 Na6 30. Bd2 Bf8 31. Ne3 Qb8 32. Ka1 Nc7 33.
Bc3 f6 34. Rh2 Nc8 35. Nec4 Rba7 36. Rf2 Kg8 37. Rfc2 Nb6 38. Ne3 Ra6 39.
Bd2 R6a7 40. Be1 Qe8 41. Bd2 Rb8 42. Be1 1/2-1/2

[Event "3rd KL Open"]
[Site "Kuala Lumpur MAS"]
[Date "2010.04.11"]
[Round "8"]
[White "Duong The Anh"]
[Black "Fatianova,T"]
[Result "1-0"]
[WhiteElo "2425"]
[BlackElo "2303"]
[EventDate "2010.04.07"]

1. b3 e5 2. Bb2 d6 3. e3 Nf6 4. g3 Nc6 5. Bg2 Be7 6. Ne2 Bf5 7. d3 Qd7 8.
h3 h5 9. Nd2 Nh7 10. Nf3 Ng5 11. Nxg5 Bxg5 12. f4 exf4 13. exf4 Bh6 14. Qd2
O-O-O 15. O-O-O Rde8 16. Nc3 Rhg8 17. Kb1 Kb8 18. Qf2 Nd8 19. Qf3 Rh8 20.
Rdf1 c6 21. Ne4 f6 22. Ba3 Nf7 23. Re1 Be6 24. Qf2 f5 25. Nd2 g6 26. Bb2
Rhg8 27. Bd4 b6 28. Nf3 Bd5 29. c4 Bxf3 30. Qxf3 Kc7 31. Bc3 Rxe1+ 32. Rxe1
Re8 33. Rxe8 Qxe8 34. b4 Nd8 35. a4 Bf8 36. b5 Be7 37. Kc2 Kd7 38. h4 1-0

[Event "3rd KL Open"]
[Site "Kuala Lumpur MAS"]
[Date "2010.04.11"]
[Round "8"]
[White "Yap,K"]
[Black "Vinoth Kumar,M"]
[Result "1-0"]
[WhiteElo "2416"]
[BlackElo "2242"]
[EventDate "2010.04.07"]

1. e4 e6 2. d4 d5 3. e5 c5 4. c3 Ne7 5. Nf3 Nec6 6. Bd3 Nd7 7. O-O Qb6 8.
dxc5 Bxc5 9. b4 Be7 10. Bf4 f6 11. exf6 Nxf6 12. b5 Nd8 13. Nbd2 O-O 14.
Ne5 Nf7 15. a4 Nd6 16. Be3 Qd8 17. f4 Bd7 18. Qf3 b6 19. g4 Rc8 20. Bd4 g6
21. h4 Nf7 22. h5 Nxe5 23. Bxe5 Bc5+ 24. Kg2 gxh5 25. Qh3 Be8 26. gxh5 Kf7
27. Nf3 Ke7 28. Ng5 Bd7 29. Nxh7 Nxh7 30. Bxh7 Be8 31. Rae1 d4 32. cxd4
Qd5+ 33. Be4 Qa2+ 34. Kh1 Bb4 35. Rc1 Rxc1 36. Qh4+ Kd7 37. Rxc1 Bc3 38.
Bc6+ Kc8 39. Qe7 1-0

[Event "3rd KL Open"]
[Site "Kuala Lumpur MAS"]
[Date "2010.04.11"]
[Round "8"]
[White "Melnikova,Y"]
[Black "Praveen Kumar,C1"]
[Result "0-1"]
[WhiteElo "2272"]
[BlackElo "2405"]
[EventDate "2010.04.07"]

1. e4 e6 2. d4 d5 3. exd5 exd5 4. Nf3 Bg4 5. Bd3 Nc6 6. c3 Bd6 7. O-O Nge7
8. Re1 Qd7 9. Nbd2 O-O-O 10. b4 Rde8 11. b5 Nd8 12. Qa4 Kb8 13. Ba3 Bxa3
14. Qxa3 f6 15. Qb3 Ng6 16. a4 Nf4 17. Bf1 h5 18. a5 h4 19. b6 cxb6 20.
axb6 a6 21. c4 Be6 22. Qa3 dxc4 23. Bxc4 Bxc4 24. Nxc4 Nc6 25. Rxe8+ Rxe8
26. Nd6 Rd8 27. Ne4 Qg4 0-1

[Event "3rd KL Open"]
[Site "Kuala Lumpur MAS"]
[Date "2010.04.12"]
[Round "9"]
[White "Mchedlishvili,M"]
[Black "Murshed,N"]
[Result "1-0"]
[WhiteElo "2634"]
[BlackElo "2413"]
[EventDate "2010.04.07"]

1. d4 g6 2. e4 Bg7 3. c4 d6 4. Nc3 Nc6 5. Nge2 e5 6. Be3 exd4 7. Nxd4 Nge7
8. h4 h5 9. Qd2 Bxd4 10. Bxd4 Nxd4 11. Qxd4 O-O 12. O-O-O Nc6 13. Qd2 Be6
14. Be2 a6 15. f4 b5 16. cxb5 axb5 17. Bxb5 Nb4 18. a3 Na6 19. Bxa6 Rxa6
20. f5 Bb3 21. Rdf1 Qf6 22. fxg6 Qxg6 23. g4 hxg4 24. h5 Qg7 25. Rf5 f6 26.
Qe2 Raa8 27. Rh4 Qh6+ 28. Kb1 Kh8 29. Rxg4 Rg8 30. Rff4 Be6 31. Rxg8+ Rxg8
32. Qf2 Rf8 33. Nd5 Bxd5 34. exd5 Qg5 35. Rf5 Qg4 36. Ka2 Qc4+ 37. b3 1-0

[Event "3rd KL Open"]
[Site "Kuala Lumpur MAS"]
[Date "2010.04.12"]
[Round "9"]
[White "Nguyen Anh Dung"]
[Black "Iuldachev,S"]
[Result "1-0"]
[WhiteElo "2464"]
[BlackElo "2511"]
[EventDate "2010.04.07"]

1. d4 Nf6 2. c4 d6 3. Nc3 g6 4. e4 Bg7 5. Nf3 O-O 6. h3 e5 7. d5 a5 8. Be3
Na6 9. g4 Nc5 10. Nd2 c6 11. Be2 a4 12. g5 Ne8 13. h4 Qa5 14. Rc1 f5 15.
gxf6 Nxf6 16. Kf1 Qc7 17. b4 axb3 18. axb3 Nh5 19. b4 Ng3+ 20. Kg1 Nxh1 21.
bxc5 Qd8 22. Nf3 Bg4 23. Ng5 Bxe2 24. Qxe2 h6 25. Ne6 Qxh4 26. Kg2 Nxf2 27.
Bxf2 Qf6 28. cxd6 Rf7 29. Bg3 Ra3 30. Rf1 Qxf1+ 31. Qxf1 Rxf1 32. d7 Bf6
33. Bxe5 Ra8 34. Bxf6 Rxf6 35. d8=Q+ Rxd8 36. Nxd8 cxd5 37. Nxd5 Rf7 38. e5
Kf8 39. Nxf7 Kxf7 40. Kf3 Ke6 41. Ke4 g5 42. Nf6 b6 43. Nd5 h5 44. Nxb6 h4
45. Na4 h3 46. Nc5+ Kf7 47. Nd3 h2 48. Nf2 g4 49. Kf4 Ke6 50. Nh1 1-0

[Event "3rd KL Open"]
[Site "Kuala Lumpur MAS"]
[Date "2010.04.12"]
[Round "9"]
[White "Irwanto,S"]
[Black "Dzhumaev,M"]
[Result "0-1"]
[WhiteElo "2414"]
[BlackElo "2525"]
[EventDate "2010.04.07"]

1. d4 f5 2. Nf3 Nf6 3. c4 g6 4. g3 Bg7 5. Bg2 d6 6. Nc3 O-O 7. O-O Qe8 8.
Nd5 Nxd5 9. cxd5 Qb5 10. Ng5 a5 11. h4 c6 12. a4 Qb6 13. e3 Na6 14. Bd2 c5
15. dxc5 Nxc5 16. Bc3 Bxc3 17. bxc3 Qa6 18. h5 Qd3 19. hxg6 hxg6 20. Qf3
Qxc3 21. Qf4 Nd3 22. Qh4 Qh8 23. f4 Bd7 24. Bf3 Rac8 25. Ra2 Qxh4 26. gxh4
Kg7 27. h5 gxh5 28. Rg2 Rh8 29. Kh1 Kf6 30. Be2 Nb4 31. e4 fxe4 32. Nxe4+
Kf7 33. Ng5+ Ke8 34. Bf3 Bg4 35. Be4 Rc4 36. Re1 Kd7 37. Kg1 Rhc8 38. f5
Rc1 39. Rxc1 Rxc1+ 40. Kh2 Ra1 41. Rg3 Ra2+ 42. Kg1 Rxa4 43. Rc3 Na6 44.
Bd3 Ra1+ 45. Kh2 Nb8 46. Ne6 Ra2+ 47. Kg3 Rb2 48. Kf4 a4 49. Nc5+ dxc5 50.
Rxc5 Kd6 51. Ra5 Rb4+ 52. Be4 Bd1 53. Ke3 Bb3 54. Ra8 Ke5 0-1

[Event "3rd KL Open"]
[Site "Kuala Lumpur MAS"]
[Date "2010.04.12"]
[Round "9"]
[White "Luther,T"]
[Black "Dimakiling,O"]
[Result "1-0"]
[WhiteElo "2559"]
[BlackElo "2441"]
[EventDate "2010.04.07"]

1. e4 Nf6 2. e5 Nd5 3. d4 d6 4. c4 Nb6 5. f4 dxe5 6. fxe5 Nc6 7. Be3 Bf5 8.
Nc3 g6 9. Be2 Bg7 10. Nf3 O-O 11. O-O Bg4 12. b3 f6 13. c5 fxe5 14. cxb6
Bxf3 15. Bxf3 exd4 16. Bxc6 bxc6 17. b7 Rxf1+ 18. Qxf1 Rb8 19. Rd1 e5 20.
Ne4 h6 21. Bd2 Rxb7 22. Qf3 Rb6 23. Rf1 Qe7 24. Qh3 g5 25. Qc8+ Kh7 26.
Qf5+ Kg8 27. h4 gxh4 28. Bxh6 c5 29. Bg5 Qe6 30. Qxe6+ Rxe6 31. Bxh4 Ra6
32. Rf2 c4 33. bxc4 Bh6 34. Bg5 Bxg5 35. Nxg5 Ra3 36. Nf3 Re3 37. Kf1 d3
38. Rd2 Kg7 39. Kf2 Re4 40. Rxd3 Kf6 41. Nd2 1-0

[Event "3rd KL Open"]
[Site "Kuala Lumpur MAS"]
[Date "2010.04.12"]
[Round "9"]
[White "De Ramos,Ju"]
[Black "Rahman,Zia"]
[Result "1/2-1/2"]
[WhiteElo "2314"]
[BlackElo "2558"]
[EventDate "2010.04.07"]

1. c4 e6 2. Nc3 d5 3. e3 Nf6 4. Nf3 Nbd7 5. Qc2 a6 6. b3 b6 7. Bb2 Bb7 8.
Be2 Bd6 9. g4 dxc4 10. bxc4 Ne5 11. e4 Nxf3+ 12. Bxf3 c5 13. Ne2 O-O 14.
Qc3 Ne8 15. Qe3 Qb8 16. Rb1 Ra7 17. h4 Ba8 18. Rh3 Be5 19. Ba3 Nd6 20. d3
Qd8 21. Bh1 Nc8 22. f4 Bc7 23. g5 f5 24. h5 e5 25. exf5 Bxh1 26. h6 Rxf5
27. hxg7 b5 28. Rxh1 Ba5+ 29. Kf2 Rxg7 30. Bxc5 Qd7 31. cxb5 exf4 32. Qd4
Rxc5 33. bxa6 Bb6 34. Qxd7 Rxd7 35. d4 Rc6 36. Rhc1 Rxc1 37. Rxc1 Ne7 38.
Nxf4 Rxd4 39. Kf3 Ra4 40. Re1 Ra3+ 41. Kg4 Bc5 42. Re6 Ra4 43. Kf3 Nf5 44.
Re8+ Kf7 45. Rh8 Nd4+ 46. Kg3 Kg7 47. Rd8 Nf5+ 48. Kf3 Nh4+ 49. Kg3 Bf2+
50. Kxf2 Rxf4+ 51. Ke3 Ra4 52. Rd7+ Kg6 53. a7 Nf5+ 54. Kd3 Ng7 55. Re7 Nf5
56. Rc7 Ng3 57. Re7 Nh5 58. Kc3 Rxa2 1/2-1/2

[Event "3rd KL Open"]
[Site "Kuala Lumpur MAS"]
[Date "2010.04.12"]
[Round "9"]
[White "Cao,S"]
[Black "Duong The Anh"]
[Result "1/2-1/2"]
[WhiteElo "2557"]
[BlackElo "2425"]
[EventDate "2010.04.07"]

1. e4 c5 2. Nf3 d6 3. Nc3 Nf6 4. d4 cxd4 5. Qxd4 Nc6 6. Bb5 Bd7 7. Bxc6
Bxc6 8. Bg5 e6 9. O-O-O Be7 10. Kb1 O-O 11. Rhe1 Qa5 12. Qd2 Qa6 13. Nd4
Rac8 14. f3 Rfd8 15. Qd3 Qxd3 16. cxd3 Bd7 17. Rc1 a6 18. Nb3 b5 19. Ne2
Rxc1+ 20. Rxc1 Rc8 21. Rxc8+ Bxc8 22. Ned4 Bd7 23. Nc2 Bd8 24. Bd2 Bc8 25.
Ba5 Bxa5 26. Nxa5 Kf8 27. Ne3 Ke8 28. Kc2 Kd7 29. d4 Kc7 30. Kd3 Nd7
1/2-1/2

[Event "3rd KL Open"]
[Site "Kuala Lumpur MAS"]
[Date "2010.04.12"]
[Round "9"]
[White "Khamrakulov,D"]
[Black "Liu Dede"]
[Result "1-0"]
[WhiteElo "2509"]
[BlackElo "2423"]
[EventDate "2010.04.07"]

1. e4 e5 2. Nf3 Nc6 3. Bb5 a6 4. Ba4 Nf6 5. O-O Be7 6. Re1 b5 7. Bb3 d6 8.
c3 O-O 9. d4 Bg4 10. Be3 Bh5 11. h3 Bg6 12. Nbd2 exd4 13. Nxd4 Qd7 14. f4
Nxe4 15. Nxc6 Qxc6 16. Qf3 Bh4 17. g3 Bxg3 18. Nxe4 Bxe4 19. Qxg3 d5 20.
Bd4 Qh6 21. Kh2 f5 22. Rxe4 1-0

[Event "3rd KL Open"]
[Site "Kuala Lumpur MAS"]
[Date "2010.04.12"]
[Round "9"]
[White "Swapnil,SD"]
[Black "Bui Vinh"]
[Result "1-0"]
[WhiteElo "2442"]
[BlackElo "2480"]
[EventDate "2010.04.07"]

1. d4 d5 2. c4 c6 3. Nc3 Nf6 4. e3 a6 5. Nf3 b5 6. c5 Nbd7 7. a3 a5 8. Qc2
g6 9. e4 dxe4 10. Nxe4 Bg7 11. a4 b4 12. Bc4 O-O 13. O-O Ba6 14. Bxa6 Rxa6
15. Ned2 Nd5 16. Nc4 Qc7 17. Re1 Raa8 18. Bg5 Rfe8 19. Bh4 N7f6 20. Bg3 Qb7
21. Nfd2 Nh5 22. Be5 f6 23. Bg3 Nxg3 24. hxg3 Red8 25. Nb3 Qc7 26. Re6 Ra7
27. Rae1 Bf8 28. Qe4 Bg7 29. Qf3 f5 30. g4 fxg4 31. Qxg4 Rf8 32. g3 Rf7 33.
Qe4 Rf8 34. Kg2 Bf6 35. Rh1 Raa8 36. Qg4 Rf7 37. Qe4 Rff8 38. Qg4 Rf7 39.
Rhe1 Bg7 40. R1e2 Bf6 41. Qe4 Rff8 42. Kg1 Rfd8 43. f4 Rf8 44. Rh2 Rf7 45.
Ne5 Bxe5 46. dxe5 Rd8 47. Nd4 Qc8 48. Rxg6+ hxg6 49. Qh1 Rg7 50. Rh8+ Kf7
51. e6+ Kf6 52. Qh4+ g5 53. Rh6+ Rg6 54. Qxg5+ 1-0

[Event "3rd KL Open"]
[Site "Kuala Lumpur MAS"]
[Date "2010.04.12"]
[Round "9"]
[White "Vakhidov,J"]
[Black "Ashwin,J"]
[Result "0-1"]
[WhiteElo "2177"]
[BlackElo "2446"]
[EventDate "2010.04.07"]

1. d4 Nf6 2. c4 g6 3. Nc3 Bg7 4. e4 d6 5. f3 O-O 6. Be3 Nc6 7. Nge2 a6 8.
Qd2 Rb8 9. h4 h5 10. Bh6 b5 11. O-O-O e5 12. Bxg7 Kxg7 13. cxb5 axb5 14.
dxe5 Nxe5 15. Nf4 Qe8 16. Be2 Be6 17. Qd4 b4 18. Ncd5 Nxd5 19. exd5 c5 20.
Nxe6+ fxe6 21. Qe4 Ra8 22. f4 exd5 23. Rxd5 Nf7 24. Qc4 Rxa2 25. Qxa2 Qxe2
26. Rd2 Qe4 27. Qa7 Qxf4 28. Rh3 0-1